Jerusalem o acerca de poder religioso y judaísmo

Gorde:
Xehetasun bibliografikoak
Egile nagusia: Mendelssohn, Moses (autor)
Formatua: Liburua
Hizkuntza:gaztelania
Argitaratua: Barcelona Anthropos 1991
Saila:Textos y documentos, 9
Gaiak:
Etiketak: Etiketa erantsi
Etiketarik gabe, Izan zaitez lehena erregistro honi etiketa jartzen!

MARC

LEADER 00000nam a2200000 a 4500
001 UCY4870
003 CL-VaPUC
008 950404e19910000SP |||||||||||||||||spa|d
082 0 4 |a 296  |b MEN  |2 21 
100 |a Mendelssohn, Moses  |e autor  |9 477823 
245 1 0 |a Jerusalem o acerca de poder religioso y judaísmo 
300 |a 281 p 
942 |c BK 
945 |d 19950404 00:00:00  |a aalvarez 
260 |a Barcelona  |b Anthropos  |c 1991 
650 0 |a Judaísmo  |9 269348 
583 |a last modification  |c 19950404 00:00:00  |k Rodrigo Vera 
490 0 |a Textos y documentos, 9 
999 |c 232623  |d 232621 
952 |0 0  |1 0  |4 0  |6 296_000000000000000_MEN_1991  |7 0  |8 A  |9 237371  |a BIBART  |b BIBART  |d 2019-11-15  |i 3073297  |o 296 MEN 1991  |p 3073297  |r 2025-03-13  |w 2019-11-15  |y BK  |k ART